00487 a2200181 450000100060000002000150000604000240002110000210004524000410006624500360010730000070014336200060015044000130015665000240016994200070019395200880020099900170028868709 a8526248944 cAnchieta - Itaigara aComapny, Mercè10aAs trigêmeas e João e Marialpor10aAs trigêmeas e João e Maria a310 a0 1aScipione 4aLiteratura infantil cBK 00104070a88.1b88.1d2023-11-21l0p334/ITAr2023-11-21 20:02:59w2023-11-21yBK c68709d68709